000 00468nam a2200181Ia 4500
008 240925s9999 xx 000 0 und d
020 _a9788131405062
082 _a658.1552 MRU
100 _aMrudula, E.
245 0 _aValue based management: an introduction
250 _aNA
260 _aHyderabad:
_bICFAI University Press
_c,2010.
300 _a520p.
_b0
_fOriginal
500 _aIncludes Index
600 _aManagement
650 _aManagement
942 _cBK
999 _c17843
_d17843